000 00963nam a2200253Ia 4500
003 GCL
008 140319s9999 xx 000 0 ara d
020 _a2054269959
040 _aGCL /
_cGCL
082 0 4 _a321.89494
_bم د
100 1 _aمحمود محمد خلف
245 1 0 _aالديمقراطية فى سويسرا :
_bدراسة تحليلية في اسس الحكم الديمقراطي /
_cمحمود محمد خلف
700 1 _aمحمد مصباح عيسي
250 _aالاولي
260 _aليبيا :
_bاكاديمية الفكر الجماهيري ،
_c2003
300 _a320ص ؛
_c24سم
650 0 4 _aسويسرا - تاريخ
650 0 4 _aسويسرا - الاحزاب السياسية
650 0 4 _aسويسرا - الاحوال الاقتصادية
650 0 4 _aسويسرا - نظام الحكم
650 0 4 _aسويسرا - الصحافة
650 0 4 _aسويسرا - تاريخ - الثورات
942 _2ddc
_cBK
999 _c7577
_d7577